La formulación de políticas en la OCDE : (Registro nro. 8814)
[ vista simple ]
| 000 -LEADER | |
|---|---|
| fixed length control field | 00942nam a2200217Ia 4500 |
| 003 - CONTROL NUMBER IDENTIFIER | |
| control field | OSt |
| 005 - DATE AND TIME OF LATEST TRANSACTION | |
| control field | 20211117160823.0 |
| 008 - FIXED-LENGTH DATA ELEMENTS--GENERAL INFORMATION | |
| fixed length control field | 210310s2010 sp fr 000 0 spa d |
| 040 ## - CATALOGING SOURCE | |
| Original cataloging agency | CO-JMCR |
| Transcribing agency | CO-JMCR |
| 041 0# - LANGUAGE CODE | |
| Language code of text/sound track or separate title | spa |
| 082 04 - DEWEY DECIMAL CLASSIFICATION NUMBER | |
| Classification number | 338.92 / |
| Item number | B213f |
| Edition number | 23 |
| 110 2# - MAIN ENTRY--CORPORATE NAME | |
| Corporate name or jurisdiction name as entry element | Banco Mundial |
| 9 (RLIN) | 5980 |
| 245 13 - TITLE STATEMENT | |
| Title | La formulación de políticas en la OCDE : |
| Remainder of title | ideas para América Latina / |
| Statement of responsibility, etc. | Banco Mundial |
| 260 ## - PUBLICATION, DISTRIBUTION, ETC. | |
| Place of publication, distribution, etc. | [Madrid] : |
| Name of publisher, distributor, etc. | Banco Mundial, |
| Date of publication, distribution, etc. | 2010 |
| 300 ## - PHYSICAL DESCRIPTION | |
| Extent | viii, 80 páginas ; |
| Dimensions | 28 cm. |
| 500 ## - GENERAL NOTE | |
| General note | Incluye notas a pie de página.<br/>Report N°5927-LAC |
| 504 ## - BIBLIOGRAPHY, ETC. NOTE | |
| Bibliography, etc. note | Bibliografía: páginas 77-80 |
| 505 0# - FORMATTED CONTENTS NOTE | |
| Formatted contents note | Un marco para describir el proceso de las políticas públicas -- El proceso de las políticas públicas en la OCDE: características y desafíos -- Algunas consideraciones para institucionalizar el proceso de las políticas públicas en América |
| 650 14 - SUBJECT ADDED ENTRY--TOPICAL TERM | |
| Topical term or geographic name entry element | Políticas públicas |
| 9 (RLIN) | 18359 |
| Geographic subdivision | América Latina |
| 942 ## - ADDED ENTRY ELEMENTS (KOHA) | |
| Source of classification or shelving scheme | Dewey Decimal Classification |
| Koha item type | Books |
| Withdrawn status | Lost status | Source of classification or shelving scheme | Damaged status | Not for loan | Collection code | Home library | Current library | Date acquired | Source of acquisition | Full call number | Barcode | Date last seen | Copy number | Koha item type | Total Checkouts | Price effective from |
|---|---|---|---|---|---|---|---|---|---|---|---|---|---|---|---|---|
| Dewey Decimal Classification | Non-fiction | Biblioteca Pública José María del Castillo y Rada | Biblioteca Pública José María del Castillo y Rada | 04/15/2018 | Donación | 338.92 / B213f | 430000703 | 05/16/2024 | Ej.1 | Books | ||||||
| Dewey Decimal Classification | Non-fiction | Biblioteca Pública José María del Castillo y Rada | Biblioteca Pública José María del Castillo y Rada | 04/15/2018 | Donación | 338.92 / B213f | 430000704 | 05/16/2024 | Ej.2 | Books | 11/17/2021 |